Tilastot visalle Yleistieto #59

Klikkaa tästä pelataksesi tätä visaa!

Yleistilastot

  • Tätä visaa on pelattu 320 kertaa
    (291 viimeisimmän päivityksen jälkeen)
  • Keskiarvotulos 6 / 16

Vastaustilastot

VinkkiVastaus% Oikein
Kuka on Finnairin suurin omistaja?Suomen valtio
68%
Mikä on Pohjois-Irlannin pääkaupunki?Belfast
59%
Minkä yhtyeen biisi on "Rappiolla"?Hassisen Koneen
57%
Mistä maasta paavi Johannes Paavali II oli kotoisin?Puolasta
56%
Mikä on Intian rahayksikkö?Rupia
55%
Mikä on viisikulmio latinaksi?Pentagon
50%
Kenen laulajan lempinimi oli "Pariisin satakieli" ?Edith Piaf
43%
Mistä maasta tulee lentoyhtiö Quantas?Australialainen
42%
Missä poikabändissä Robbie Williams oli ennen soolouraansa?Take That
42%
Mikä on Ruotsin korkein vuori?Kebnekaise
37%
Kuka kirjailija on luonut hahmon Jussi Vares?Reijo Mäki
37%
Kuka voitti parhaan miespääosa Oscarin elokuvasta 'Milk'?Sean Penn
28%
Mikä on Siperian suurin kaupunki?Novosibirsk
24%
Mikä on Gambian pääkaupunki?Banjul
19%
Missä kaupungissa on Reykjavikia palveleva lentokenttä?Keflavikissä
16%
Kuka kirjoitti kirjan "Tanssi yli hautojen"?Mika Waltari
15%

Tulosjakauma

Persentiili vastausten määrän mukaan

Jokaisen tuloksen saaneiden osuus

Tuloshistoriasi

Et ole pelannut tätä visaa sen viimeisimmän päivityksen jälkeen